Library Banner

European Union Nae alami taqat(یورپین یونین نی عالمی طاقت) (Record no. 101956)

MARC details
000 -LEADER
fixed length control field 00498nam a22001577a 4500
005 - DATE AND TIME OF LATEST TRANSACTION
control field 20180122130115.0
008 - FIXED-LENGTH DATA ELEMENTS--GENERAL INFORMATION
fixed length control field 180122b xxu||||| |||| 00| 0 eng d
020 ## - INTERNATIONAL STANDARD BOOK NUMBER
International Standard Book Number 9789698267247
040 ## - CATALOGING SOURCE
Transcribing agency PK-LaUMT
082 ## - DEWEY DECIMAL CLASSIFICATION NUMBER
Classification number PKAC 070.44
Item number ANS-E
100 ## - MAIN ENTRY--PERSONAL NAME
Personal name Ansar Mahmood Bhatti
245 ## - TITLE STATEMENT
Title European Union Nae alami taqat(یورپین یونین نی عالمی طاقت)
Statement of responsibility, etc Ansar Mahmood Bhatti
260 ## - PUBLICATION, DISTRIBUTION, ETC. (IMPRINT)
Place of publication, distribution, etc اسلام آباد:
Name of publisher, distributor, etc عکاس پبلیکیشنز،
Date of publication, distribution, etc 2009
300 ## - PHYSICAL DESCRIPTION
Extent 342
942 ## - ADDED ENTRY ELEMENTS (KOHA)
Koha item type Books
Holdings
Withdrawn status Lost status Damaged status Home library Current library Date acquired Full call number Barcode Date last seen Price effective from Koha item type
      UMT Main Campus UMT Main Campus 2018-01-22 PKAC 070.44 ANS-E 117894 2018-01-22 2018-01-22 Books